[Event "Belgrade Trophy 35th"]
[Site "Belgrade"]
[Date "2021.11.29"]
[Round "6"]
[White "Vujovic, Vera"]
[Black "Vasic, Dusan"]
[Result "1-0"]
[WhiteElo "1261"]
[BlackElo "1671"]
[PlyCount "115"]
[EventDate "2021.11.24"]
[EventType "swiss"]
[EventRounds "9"]
[EventCountry "SRB"]
[SourceTitle "CBM 205 Extra"]
[Source "ChessBase"]
[SourceDate "2022.01.31"]
[SourceVersion "1"]
[SourceVersionDate "2022.01.31"]
[SourceQuality "1"]

1. e4 e5 2. Nf3 Nf6 3. Nxe5 d6 4. Nf3 Nxe4 5. Qe2 Qe7 6. d3 Nf6 7. Qxe7+ Bxe7 8. Nc3 Bd7 9. Bg5 0-0 10. 0-0-0 h6 11. Bh4 c6 12. Ne4 g5 13. Bg3 d5 14. Nxf6+ Bxf6 15. d4 Bf5 16. h3 Nd7 17. Bd3 Bxd3 18. Rxd3 Rfe8 19. c3 h5 20. Re1 Rxe1+ 21. Nxe1 Re8 22. Re3 Rxe3 23. fxe3 Kg7 24. Bd6 Kg6 25. Kd2 Kf5 26. Kd3 g4 27. hxg4+ hxg4 28. g3 Bd8 29. Ng2 Nf6 30. b3 Ne4 31. Bf4 Nf2+ 32. Ke2 Ne4 33. Kd3 a5 34. c4 b5 35. cxb5 cxb5 36. a4 bxa4 37. bxa4 Be7 38. Bc7 Bb4 39. Nf4 Nc3 40. Nxd5 Nxd5 41. e4+ Ke6 42. exd5+ Kxd5 43. Bf4 f5 44. Bb8 Be7 45. Bc7 Bf6 46. Bb6 Kc6 47. Bxa5 Kd5 48. Bc3 f4 49. gxf4 g3 50. Ke3 g2 51. Kf2 Ke4 52. Kxg2 Kxf4 53. a5 Bd8 54. a6 Bb6 55. d5 Kf5 56. Kf3 Ba7 57. Ke2 Ke4 58. d6 1-0

[Event "Belgrade Trophy 35th"]
[Site "Belgrade"]
[Date "2021.11.28"]
[Round "5"]
[White "Vasic, Dusan"]
[Black "Vranes, Nikola"]
[Result "0-1"]
[WhiteElo "1671"]
[BlackElo "1978"]
[PlyCount "92"]
[EventDate "2021.11.24"]
[EventType "swiss"]
[EventRounds "9"]
[EventCountry "SRB"]
[SourceTitle "CBM 205 Extra"]
[Source "ChessBase"]
[SourceDate "2022.01.31"]
[SourceVersion "1"]
[SourceVersionDate "2022.01.31"]
[SourceQuality "1"]

1. c4 e6 2. Nc3 f5 3. Nf3 Nf6 4. g3 Be7 5. Bg2 0-0 6. 0-0 d6 7. d4 Ne4 8. Qc2 Nxc3 9. Qxc3 Bf6 10. e3 a5 11. b3 Nc6 12. Bb2 Qe8 13. Qd2 e5 14. d5 Ne7 15. Rac1 b6 16. Ne1 f4 17. Nc2 fxg3 18. hxg3 Qh5 19. f4 Bg4 20. fxe5 Bxe5 21. Bxe5 Qxe5 22. Rf4 Rxf4 23. exf4 Qb2 24. Re1 Nf5 25. Kf2 Qxa2 26. Qd3 Nd4 27. Be4 Qxc2+ 28. Qxc2 Nxc2 29. Bxc2 Kf7 30. Re3 g6 31. Ke1 Bf5 32. Bd1 h5 33. Kd2 Bd7 34. Kc3 Rh8 35. b4 axb4+ 36. Kxb4 h4 37. Bc2 h3 38. Re1 h2 39. Rh1 Rh3 40. Be4 Kf6 41. Bc2 Bf5 42. Bxf5 Kxf5 43. Kb5 Ke4 44. Kc6 Rh7 45. Rxh2 Rxh2 46. Kxc7 Rc2 0-1

[Event "Senta op-B 16th"]
[Site "Senta"]
[Date "2012.07.15"]
[Round "2"]
[White "Miladinovic, Lena"]
[Black "Vasic, Dusan"]
[Result "1-0"]
[WhiteElo "2078"]
[BlackElo "1862"]
[PlyCount "71"]
[EventDate "2012.07.14"]
[EventType "swiss"]
[EventRounds "9"]
[EventCountry "SRB"]
[SourceTitle "CBM 149 Extra"]
[Source "ChessBase"]
[SourceDate "2012.08.24"]
[SourceVersion "1"]
[SourceVersionDate "2012.08.24"]
[SourceQuality "1"]

1. d4 c5 2. d5 d6 3. Nf3 e5 4. e4 Nf6 5. Nc3 Be7 6. Bd3 a6 7. a4 0-0 8. 0-0 Ne8 9. Nd2 Bg5 10. b3 g6 11. Nc4 Nd7 12. a5 Bxc1 13. Qxc1 Kg7 14. f4 f6 15. Qe3 b5 16. axb6 Nxb6 17. fxe5 dxe5 18. Qxc5 Nxc4 19. Bxc4 Nd6 20. Bd3 f5 21. Qa5 Qg5 22. Qc7+ Nf7 23. Kh1 f4 24. Na4 Bg4 25. Nc5 Rac8 26. Qb6 Qe7 27. b4 Ng5 28. Rxa6 f3 29. Ra7 fxg2+ 30. Kxg2 Bh3+ 31. Kg3 Qxa7 32. Qxa7+ Kh6 33. Rxf8 Rxf8 34. Be2 Bf1 35. Bxf1 Rxf1 36. d6 1-0

[Event "Belgrade Spring op"]
[Site "Belgrade"]
[Date "2008.03.31"]
[Round "7"]
[White "Rakocevic, Miraz"]
[Black "Vasic, Dusan"]
[Result "0-1"]
[WhiteElo "1781"]
[BlackElo "1966"]
[PlyCount "56"]
[EventDate "2008.03.25"]
[EventType "swiss"]
[EventRounds "9"]
[EventCountry "YUG"]
[SourceTitle "CBM 123 Extra"]
[Source "ChessBase"]
[SourceDate "2008.05.06"]
[SourceVersion "1"]
[SourceVersionDate "2008.05.06"]
[SourceQuality "1"]

1. d4 c5 2. dxc5 Nc6 3. Nf3 e5 4. e4 Bxc5 5. Bc4 f6 6. Qd5 Qe7 7. a3 a5 8. Nc3 d6 9. Bb5 Bd7 10. 0-0 Qe6 11. Qd3 Nge7 12. Nd5 0-0-0 13. b4 axb4 14. axb4 Bxb4 15. Ra8+ Nb8 16. Qc4+ Bc5 17. Bd2 Nxd5 18. exd5 Bxb5 19. Qxb5 Qxd5 20. Ba5 Bxf2+ 21. Kxf2 Qxb5 22. Bxd8 Rxd8 23. Nd2 Qc5+ 24. Ke2 Kc7 25. c4 Nc6 26. Ra4 b5 27. cxb5 Qxb5+ 28. Rc4 d5 0-1

[Event "Belgrade Spring op"]
[Site "Belgrade"]
[Date "2007.03.31"]
[Round "6"]
[White "Vasic, Dusan"]
[Black "Djurovic, Slobodan"]
[Result "1-0"]
[WhiteElo "1932"]
[BlackElo "2199"]
[PlyCount "112"]
[EventDate "2007.03.26"]
[EventType "swiss"]
[EventRounds "9"]
[EventCountry "YUG"]
[SourceTitle "CBM 117 Extra"]
[Source "ChessBase"]
[SourceDate "2007.05.09"]
[SourceVersion "1"]
[SourceVersionDate "2007.05.09"]
[SourceQuality "1"]

1. c4 Nf6 2. Nc3 e5 3. Nf3 Nc6 4. g3 d5 5. cxd5 Nxd5 6. Bg2 Nxc3 7. bxc3 Bc5 8. 0-0 0-0 9. d3 Kh8 10. Qb3 h6 11. Bb2 Bb6 12. Rad1 Be6 13. c4 f6 14. Nh4 Qe8 15. Bc3 Rb8 16. e4 Bd4 17. h3 b5 18. Bxd4 Nxd4 19. Qa3 bxc4 20. Qxa7 g5 21. Nf5 Bxf5 22. exf5 c3 23. Kh2 c2 24. Rc1 Qf7 25. Qa4 c5 26. Rxc2 Nxc2 27. Qxc2 Qd7 28. Be4 Qd4 29. Qc4 Rb2 30. Qxd4 exd4 31. Bd5 Rd8 32. Be6 Ra8 33. Kg2 Ra3 34. Bc4 Rc3 35. a4 Rxc4 36. dxc4 Ra2 37. Kf3 Rxa4 38. Rc1 Ra2 39. g4 Kg7 40. Ke4 Rxf2 41. Kd5 Kf7 42. Kxc5 d3 43. Rd1 d2 44. Kd6 Rf4 45. Kd5 Rf2 46. c5 Ke7 47. c6 Re2 48. Kc5 Kd8 49. Kd6 h5 50. c7+ Kc8 51. Rb1 d1Q+ 52. Rxd1 hxg4 53. hxg4 Re4 54. Ra1 Rd4+ 55. Ke6 Kxc7 56. Rc1+ Kd8 1-0

[Event "Belgrade Spring op"]
[Site "Belgrade"]
[Date "2007.03.30"]
[Round "5"]
[White "Starcevic, Goran"]
[Black "Vasic, Dusan"]
[Result "1-0"]
[WhiteElo "2231"]
[BlackElo "1932"]
[PlyCount "37"]
[EventDate "2007.03.26"]
[EventType "swiss"]
[EventRounds "9"]
[EventCountry "YUG"]
[SourceTitle "CBM 117 Extra"]
[Source "ChessBase"]
[SourceDate "2007.05.09"]
[SourceVersion "1"]
[SourceVersionDate "2007.05.09"]
[SourceQuality "1"]

1. d4 Nf6 2. Nf3 g6 3. c4 Bg7 4. Nc3 d6 5. e4 Nbd7 6. h3 c6 7. e5 Ng8 8. Bf4 Qc7 9. exd6 exd6 10. c5 Nxc5 11. dxc5 Qa5 12. Bxd6 Bxc3+ 13. bxc3 Qxc3+ 14. Nd2 Be6 15. Rc1 Qd4 16. Bc4 0-0-0 17. Bxe6+ fxe6 18. Qb3 Qd5 19. Qc3 1-0

[Event "Belgrade Spring op"]
[Site "Belgrade"]
[Date "2007.03.29"]
[Round "4"]
[White "Vasic, Dusan"]
[Black "Stojanovic, Zoran"]
[Result "1-0"]
[WhiteElo "1932"]
[BlackElo "2253"]
[PlyCount "143"]
[EventDate "2007.03.26"]
[EventType "swiss"]
[EventRounds "9"]
[EventCountry "YUG"]
[SourceTitle "CBM 117 Extra"]
[Source "ChessBase"]
[SourceDate "2007.05.09"]
[SourceVersion "1"]
[SourceVersionDate "2007.05.09"]
[SourceQuality "1"]

1. c4 Nf6 2. Nc3 g6 3. e4 d6 4. d4 Bg7 5. Nf3 0-0 6. Be2 c5 7. d5 e6 8. 0-0 exd5 9. exd5 Re8 10. Bg5 Na6 11. Qd2 Qe7 12. Rae1 Qf8 13. Bd1 Bd7 14. h3 Nc7 15. a4 a5 16. g4 Rxe1 17. Rxe1 b6 18. Qf4 Nce8 19. Ne4 Nxe4 20. Qxe4 f6 21. Bf4 Rd8 22. Nd2 f5 23. Qe7 Qxe7 24. Rxe7 Bf6 25. Re1 g5 26. Bg3 f4 27. Bh2 Bxb2 28. Ne4 h6 29. Bc2 Be5 30. f3 Nf6 31. Nxf6+ Bxf6 32. Kg2 Re8 33. Rxe8+ Bxe8 34. Bg1 Ba1 35. Bf2 Kg7 36. h4 Kf6 37. Kf1 Ke5 38. Ke2 Bc3 39. h5 Bb4 40. Bg1 Bf7 41. Be4 Bc3 42. Bf2 Bd4 43. Be1 Be8 44. Bc2 Bd7 45. Bd1 Bb2 46. Bf2 Bc8 47. Bc2 Bd7 48. Bd1 Bd4 49. Be1 Be8 50. Bc2 Bb2 51. Bf2 Bc1 52. Kd3 Bb2 53. Ke2 Bf7 54. Bd1 Bd4 55. Be1 Bxd5 56. cxd5 Kxd5 57. Bc2 c4 58. Be4+ Kc5 59. Bg6 d5 60. Kd1 Be3 61. Kc2 d4 62. Be4 d3+ 63. Bxd3 cxd3+ 64. Kxd3 Bd4 65. Bd2 Kd5 66. Bc1 Bg7 67. Ba3 Bf6 68. Bf8 b5 69. axb5 a4 70. Kc2 Bd8 71. Bxh6 Bf6 72. Bf8 1-0

[Event "Belgrade Winter op"]
[Site "Belgrade"]
[Date "2007.01.24"]
[Round "1"]
[White "Mihajlovic, Miodrag"]
[Black "Vasic, Dusan"]
[Result "1-0"]
[WhiteElo "2243"]
[BlackElo "1932"]
[PlyCount "79"]
[EventDate "2007.01.24"]
[EventType "swiss"]
[EventRounds "9"]
[EventCountry "YUG"]
[SourceTitle "EXT 2010"]
[Source "ChessBase"]
[SourceDate "2010.11.25"]
[SourceVersion "1"]
[SourceVersionDate "2010.11.25"]
[SourceQuality "1"]

1. Nf3 Nf6 2. g3 g6 3. Bg2 Bg7 4. 0-0 0-0 5. d3 d6 6. c4 e5 7. c5 Nc6 8. cxd6 cxd6 9. Nc3 d5 10. Bd2 h6 11. Rc1 Be6 12. Na4 e4 13. Ne1 Qc8 14. b4 Qe8 15. Nc5 Bc8 16. dxe4 dxe4 17. Bc3 b6 18. Bxf6 bxc5 19. Bxg7 Kxg7 20. Rxc5 Bb7 21. b5 Ne5 22. Qd4 f6 23. Nc2 Rd8 24. Qc3 Rf7 25. Ne3 Rfd7 26. h4 h5 27. Bh3 Re7 28. Rc1 Qf7 29. Rc7 f5 30. Rxe7 Qxe7 31. Bxf5 Kf6 32. Bh3 Kf7 33. Qc7 Re8 34. Qa5 Qf6 35. Qxa7 Re7 36. Qc5 Kg7 37. Rd1 Rf7 38. Nd5 Bxd5 39. Rxd5 Ng4 40. Bxg4 1-0